LECENJE ESENCIJALNE HIPERTENZIJE (Record no. 4608)
[ view plain ]
| 000 -LEADER | |
|---|---|
| fixed length control field | 00271nam a22001217a 4500 |
| 008 - FIXED-LENGTH DATA ELEMENTS--GENERAL INFORMATION | |
| fixed length control field | 170204b xxu||||| |||| 00| 0 srb d |
| 041 ## - LANGUAGE CODE | |
| Language code of text/sound track or separate title | srb |
| 080 ## - UNIVERSAL DECIMAL CLASSIFICATION NUMBER | |
| Universal Decimal Classification number | 61 |
| 100 ## - Rafti | |
| Rafti | 3 |
| 101 ## - Shkurtesa | |
| Shkurtesa | SHM |
| 245 ## - TITLE STATEMENT | |
| Title | LECENJE ESENCIJALNE HIPERTENZIJE |
| Statement of responsibility, etc | KOCIJANCIC, M |
| 942 ## - ADDED ENTRY ELEMENTS (KOHA) | |
| Source of classification or shelving scheme | |
| Item type | Books |
No items available.